Music Quiz

Random Music Quiz

David Bowie Songs 1980-1987 Quiz Stats

 Plays Quiz not verified by Sporcle

Challenge
Share
Tweet
Embed
Score 0/285 Timer 20:00
0 Plays Today
Album Songs % Correct
Scary Monsters (and Super Creeps)Fashion
62.5%
Scary Monsters (and Super Creeps)Scary Monsters (and Super Creeps)
62.5%
ChangestwobowieFashion
62.5%
Golden YearsScary Monsters (and Super Creeps)
62.5%
Golden YearsFashion
62.5%
Fame and FashionFashion
62.5%
Scary Monsters (and Super Creeps)Ashes To Ashes
60%
ChangestwobowieAshes To Ashes
60%
FashionsAshes To Ashes
60%
Golden YearsAshes To Ashes
60%
Fame and FashionAshes to Ashes
60%
Let's Dance Let's Dance
58.8%
Let's Dance Modern Love
57.5%
Non-Album Singles, B-Sides and Compilation Tracks 1980-1987Modern Love (Live) (B-Side of Modern Love)
57.5%
TonightTonight
57.5%
Ziggy Stardust: The Motion PictureSpace Oddity
56.3%
Christiane F.Heroes-Helden
56.3%
Let's Dance China Girl
56.3%
Ziggy Stardust: The Motion PictureZiggy Stardust
56.3%
Ziggy Stardust: The Motion PictureChanges
56.3%
Non-Album Singles, B-Sides and Compilation Tracks 1980-1987Space Oddity (acoustic version) (B-Side Of Alabama Song)
56.3%
The Best of BowieHeroes (Edit)
56.3%
The Best of BowieSpace Oddity
56.3%
FashionsZiggy Stardust
56.3%
FashionsChanges
56.3%
FashionsSpace Oddity
56.3%
RareHelden
56.3%
RareRagazzo Solo, Ragazza Sola
56.3%
Love You till TuesdaySpace Oddity
56.3%
Fame and Fashion''Heroes''
56.3%
Fame and FashionChanges
56.3%
Fame and FashionSpace Oddity
56.3%
Scary Monsters (and Super Creeps)Up The Hill Backwards
55%
Scary Monsters (and Super Creeps)Teenage Wildlife
53.8%
Scary Monsters (and Super Creeps)It's No Game (Part 1)
53.8%
The Best of BowieFame (Edit)
53.8%
The Best of BowieStarman
53.8%
ChangestwobowieStarman
53.8%
TonightBlue Jean
53.8%
Fame and FashionFame
53.8%
Fame and FashionStarman
53.8%
Let's Dance Cat People (Putting Out Fire)
52.5%
Scary Monsters (and Super Creeps)It's No Game (Part 2)
52.5%
The Best of BowieSound And Vision
52.5%
ChangestwobowieSound and Vision
52.5%
FashionsSound And Vision
52.5%
TonightLoving the Alien
52.5%
Ziggy Stardust: The Motion PictureSuffragette City
51.3%
Ziggy Stardust: The Motion PictureRock 'N' Roll Suicide
51.3%
The Best of BowieRock 'n' Roll Suicide
51.3%
The Best of BowieLife On Mars? (K-tel edit)
51.3%
FashionsLife On Mars
51.3%
Never Let Me DownNever Let Me Down
51.3%
Ziggy Stardust: The Motion PictureTime
50%
FashionsRebel Rebel
50%
Christiane F.Station To Station
48.8%
The Best of BowieGolden Years (Edit)
48.8%
FashionsGolden Years
48.8%
Golden YearsGolden Years
48.8%
Fame and FashionGolden Years
48.8%
Labyrinth Magic Dance
48.8%
Never Let Me DownDay-In Day-Out
48.8%
Christiane F.Boys Keep Swinging
47.5%
Let's Dance Without You
47.5%
The Best of BowieBoys Keep Swinging
47.5%
The Best of BowieJohn, I'm Only Dancing (Sax version)
47.5%
ChangestwobowieAladdin Sane (1913-1938-197?)
47.5%
FashionsBoys Keep Swinging
47.5%
Christiane F.TVC 15
46.3%
Ziggy Stardust: The Motion PictureOh! You Pretty Things
46.3%
Ziggy Stardust: The Motion PictureMoonage Daydream
46.3%
The Best of BowieTVC 15 (Edit)
46.3%
The Best of BowieYoung Americans
46.3%
The Best of BowieBreaking Glass (Live)
46.3%
Another FaceThe Laughing Gnome
46.3%
ChangestwobowieOh! You Pretty Things
46.3%
RareYoung Americans (US single edit)
46.3%
Prime CutsThe Laughing Gnome
46.3%
Die Weisse Serie - Extra Ausgabe (The White Collection)The Laughing Gnome
46.3%
Love You till TuesdayThe Laughing Gnome
46.3%
Fame and FashionTVC 15
46.3%
Fame and FashionYoung Americans
46.3%
David Bowie: The CollectionThe Laughing Gnome
46.3%
Labyrinth Underground
46.3%
Labyrinth Opening Titles Including Underground
46.3%
ChangestwobowieDJ
45%
ChangestwobowieWild Is The Wind
45%
FashionsThe Man Who Sold The World
45%
Golden YearsWild Is The Wind
45%
Fame and FashionD.J.
45%
Never Let Me DownTime Will Crawl
45%
Let's Dance Ricochet
43.8%
The Best of BowieThe Jean Genie
43.8%
FashionsThe Jean Genie
43.8%
Non-Album Singles, B-Sides and Compilation Tracks 1980-1987Absolute Beginners (From Absolute Beginners soundtrack)
43.8%
Album Songs % Correct
Scary Monsters (and Super Creeps)Scream Like A Baby
42.5%
Ziggy Stardust: The Motion PictureWidth of a Circle
41.3%
Non-Album Singles, B-Sides and Compilation Tracks 1980-1987Alabama Song
41.3%
The Best of BowieDiamond Dogs (K-tel edit)
41.3%
RareMoon of Alabama
41.3%
TonightGod Only Knows
41.3%
Christiane F.Look Back In Anger
40%
Christiane F.Warszawa
40%
Ziggy Stardust: The Motion PictureWatch That Man
40%
Changestwobowie1984
40%
Golden YearsLook Back in Anger
40%
Fame and Fashion1984
40%
Christiane F.Stay
38.8%
Non-Album Singles, B-Sides and Compilation Tracks 1980-1987Queen & David Bowie - Under Pressure
38.8%
FashionsDrive In Saturday
38.8%
Non-Album Singles, B-Sides and Compilation Tracks 1980-1987Pat Methany Group and David Bowie - This Is Not America (From The Falcon And The Snowman)
38.8%
FashionsVelvet Goldmine
37.5%
RareVelvet Goldmine
37.5%
RarePanic in Detroit (Live)
37.5%
Ziggy Stardust: The Motion PictureWhite Light-White Heat
36.3%
TonightDancing with the Big Boys
36.3%
David Bowie in Bertolt Brecht's BaalThe Drowned Girl
35%
Scary Monsters (and Super Creeps)Because You're Young
35%
The Best of BowieSorrow
35%
Another FacePlease Mr. Gravedigger
35%
Another FaceLiza Jane
35%
FashionsSorrow
35%
Prime CutsPlease Mr. Gravedigger
35%
Prime CutsLiza Jane
35%
Die Weisse Serie - Extra Ausgabe (The White Collection)Liza Jayne
35%
Love You till TuesdayLiza Jane
35%
David Bowie: The CollectionPlease Mr. Gravedigger
35%
Christiane F.V-2 Schneider
33.8%
Ziggy Stardust: The Motion PictureHang On To Yourself
33.8%
Ziggy Stardust: The Motion PictureCracked Actor
33.8%
Another FaceLove You Till Tuesday
33.8%
Another FaceRubber Band
33.8%
RareHoly Holy (Rerecording)
33.8%
SuperstarRubber Band
33.8%
SuperstarLove You Till Tuesday
33.8%
A Second FaceLove You Till Tuesday
33.8%
Prime CutsLove You Till Tuesday
33.8%
Prime CutsRubber Band
33.8%
Die Weisse Serie - Extra Ausgabe (The White Collection)Love You Till Tuesday
33.8%
TonightTumble And Twirl
33.8%
Love You till TuesdayRubber Band (Single version)
33.8%
Love You till TuesdayLove You till Tuesday (Single version)
33.8%
David Bowie: The CollectionLove You Till Tuesday
33.8%
David Bowie: The CollectionRubber Band (Single Version)
33.8%
Labyrinth As The World Falls Down
33.8%
Ziggy Stardust: The Motion PictureAll The Young Dudes
32.5%
Ziggy Stardust: The Motion PictureLet's Spend The Night Together
32.5%
Non-Album Singles, B-Sides and Compilation Tracks 1980-1987Crystal Japan
32.5%
Scary Monsters (and Super Creeps)Kingdom Come
32.5%
RareCrystal Japan
32.5%
Ziggy Stardust: The Motion PictureMy Death
31.3%
FashionsFantastic Voyage
31.3%
Non-Album Singles, B-Sides and Compilation Tracks 1980-1987David Bowie And Mick Jagger - Dancing in the Street
31.3%
Ziggy Stardust: The Motion PictureWild Eyed Boy From Freecloud
30%
FashionsQueen Bitch
30%
FashionsAmsterdam
30%
RareAmsterdam
30%
SuperstarSell Me A Coat
30%
A Second FaceSell Me A Coat
30%
Prime CutsSell Me A Coat
30%
TonightNeighborhood Threat
30%
Love You till TuesdaySell Me A Coat
30%
David Bowie: The CollectionSell Me A Coat
30%
Non-Album Singles, B-Sides and Compilation Tracks 1980-1987Volare (Nel Blu Dipinito Di Blu) (From Absolute Beginners soundtrack)
30%
Never Let Me DownGlass Spider
30%
Let's Dance Criminal World
28.8%
Christiane F.Sense Of Doubt
28.8%
Let's Dance Shake It
28.8%
Another FaceThe London Boys
28.8%
SuperstarLondon Boys
28.8%
Prime CutsThe London Boys
28.8%
Love You till TuesdayThe London Boys
28.8%
David Bowie: The CollectionThe London Boys
28.8%
FashionsRound And Round
27.5%
RareRound and Round
27.5%
Golden YearsJoe The Lion
27.5%
Golden YearsRed Sails
27.5%
Non-Album Singles, B-Sides and Compilation Tracks 1980-1987When the Wind Blows (From When the Wind Blows Soundtrack)
27.5%
FashionsCan You Hear Me?
26.3%
Labyrinth Within You
26.3%
Labyrinth Chilly Down
26.3%
Never Let Me DownZeroes
26.3%
SuperstarUncle Arthur
25%
SuperstarSilly Boy Blue
25%
A Second FaceUncle Arthur
25%
A Second FaceSilly Boy Blue
25%
Prime CutsSilly Boy Blue
25%
Prime CutsUncle Arthur
25%
Die Weisse Serie - Extra Ausgabe (The White Collection)Silly Boy Blue
25%
David Bowie: The CollectionSilly Boy Blue
25%
Album Songs % Correct
Never Let Me DownBang Bang
25%
David Bowie in Bertolt Brecht's BaalRemembering Marie A
23.8%
FashionsNew Career In A New Town
23.8%
FashionsMove On
23.8%
RareJohn, I'm Only Dancing (Again) (Single Edit)
23.8%
TonightDon't Look Down
23.8%
Another FaceMaid Of Bond Street
22.5%
Another FaceThe Gospel According To Tony Day
22.5%
SuperstarMaid Of Bond Street
22.5%
SuperstarThe Gospel According To Tony Day
22.5%
SuperstarShe's Got Medals
22.5%
SuperstarLittle Bombardier
22.5%
A Second FaceWe Are Hungry Men
22.5%
A Second FaceShe's Got Medals
22.5%
Prime CutsShe's Got Medals
22.5%
Prime CutsWe Are Hungry Men
22.5%
Prime CutsThe Gospel According To Tony Day
22.5%
Prime CutsMaid Of Bond Street
22.5%
Prime CutsLittle Bombardier
22.5%
Die Weisse Serie - Extra Ausgabe (The White Collection)She's Got My Medals
22.5%
TonightI Keep Forgettin'
22.5%
David Bowie: The CollectionThe Gospel According To Tony Day
22.5%
David Bowie: The CollectionShe's Got Medals
22.5%
David Bowie: The CollectionMaid Of Bond Street
22.5%
Another FaceWhen I Live My Dream
21.3%
SuperstarKarma Man
21.3%
A Second FaceWhen I Live My Dream
21.3%
A Second FaceKarma Man
21.3%
Prime CutsKarma Man
21.3%
Die Weisse Serie - Extra Ausgabe (The White Collection)Karma Man
21.3%
Love You till TuesdayWhen I Live My Dream
21.3%
David Bowie: The CollectionKarma Man
21.3%
David Bowie in Bertolt Brecht's BaalBallad Of The Adventurers
20%
David Bowie in Bertolt Brecht's BaalThe Dirty Song
20%
Non-Album Singles, B-Sides and Compilation Tracks 1980-1987David Bowie & Bing Crosby - Peace on Earth-Little Drummer Boy
20%
Another FaceThere Is A Happy Land
20%
The Mannish Boys/Davy Jones and the Lower ThirdI Pity The Fool
20%
Prime CutsThere Is A Happy Land
20%
David Bowie in Bertolt Brecht's BaalBaal’s Hymn
18.8%
Another FaceLouie, Louie Go Home
18.8%
Another FaceJoin The Gang
18.8%
SuperstarJoin The Gang
18.8%
A Second FaceCome And Buy My Toys
18.8%
Prime CutsJoin The Gang
18.8%
Prime CutsCome And Buy My Toys
18.8%
Prime CutsLouie Louie Go Home
18.8%
Die Weisse Serie - Extra Ausgabe (The White Collection)Louie, Louie Go Home
18.8%
Die Weisse Serie - Extra Ausgabe (The White Collection)Join The Gang
18.8%
David Bowie: The CollectionJoin The Gang
18.8%
Never Let Me Down'87 and Cry
18.8%
Another FaceIn The Heat Of The Morning
17.5%
A Second FaceLittle Bombadier
17.5%
A Second FaceIn The Heat Of The Morning
17.5%
Prime CutsIn The Heat Of The Morning
17.5%
Die Weisse Serie - Extra Ausgabe (The White Collection)In The Heat Of The Morning
17.5%
David Bowie: The CollectionIn The Heat Of The Morning
17.5%
Never Let Me DownToo Dizzy
17.5%
ChangestwobowieJohn, I’m Only Dancing (Again)
16.3%
SuperstarLet Me Sleep Beside You
16.3%
A Second FaceLet Me Sleep Beside You
16.3%
Prime CutsLet Me Sleep Beside You
16.3%
Die Weisse Serie - Extra Ausgabe (The White Collection)Uncle Arthur\
16.3%
Die Weisse Serie - Extra Ausgabe (The White Collection)Let Me Sleep Beside You
16.3%
Love You till TuesdayLet Me Sleep Beside You
16.3%
Never Let Me DownNew York's In Love
16.3%
Another FaceDid You Ever Have A Dream
15%
Don't Be Fooled By the NameCan't Help Thinking About Me
15%
SuperstarDid You Ever Have A Dream
15%
Prime CutsDid You Ever Have A Dream
15%
Die Weisse Serie - Extra Ausgabe (The White Collection)Did You Ever Have A Dream
15%
David Bowie: The CollectionCan't Help Thinking About Me
15%
David Bowie: The CollectionDid You Ever Have A Dream
15%
Never Let Me DownShining Star (Makin' My Love)
15%
The Mannish Boys/Davy Jones and the Lower ThirdYou've Got A Habit Of Leaving
13.8%
Never Let Me DownBeat Of Your Drum
13.8%
Prime CutsWhen I Live I Dream
12.5%
Non-Album Singles, B-Sides and Compilation Tracks 1980-1987Girls (B-Side of Time Will Crawl)
12.5%
Don't Be Fooled By the NameGood Morning Girl
11.3%
Don't Be Fooled By the NameDo Anything You Say
11.3%
Don't Be Fooled By the NameI Dig Everything
11.3%
Don't Be Fooled By the NameI'm Not Losing Sleep
11.3%
The Mannish Boys/Davy Jones and the Lower ThirdTake My Tip
11.3%
Love You till TuesdayChing-A-Ling
11.3%
David Bowie: The CollectionGood Morning Girl
11.3%
David Bowie: The CollectionDo Anything You Say
11.3%
David Bowie: The CollectionI Dig Everything
11.3%
David Bowie: The CollectionI'm Not Losing Sleep
11.3%
Non-Album Singles, B-Sides and Compilation Tracks 1980-1987Julie (B-Side of Day-In Day-Out)
11.3%
Don't Be Fooled By the NameAnd I Say To Myself
10%
The Mannish Boys/Davy Jones and the Lower ThirdBaby Loves That Way
10%
Non-Album Singles, B-Sides and Compilation Tracks 1980-1987The Myth (From Cat People Soundtrack)
10%
Golden YearsI Can't Explain
10%
David Bowie: The CollectionAnd I Say To Myself
10%
Non-Album Singles, B-Sides and Compilation Tracks 1980-1987That's Motivation (From Absolute Beginners soundtrack)
8.8%
Love You till TuesdayWhen I'm Five
7.5%

You're not logged in!

Compare scores with friends on all Sporcle quizzes.
Join for Free
OR
Log In

You Might Also Like...

Show Comments

Extras

Top Quizzes Today


Score Distribution

Your Account Isn't Verified!

In order to create a playlist on Sporcle, you need to verify the email address you used during registration. Go to your Sporcle Settings to finish the process.

Report this User

Report this user for behavior that violates our Community Guidelines.

Details: